LEADER 01344nam0 22003011i 450 001 UON00018807 005 20231205102008.85 100 $a20020107d1965 |0itac50 ba 101 $aeng 102 $aUS 105 $a|||| 1|||| 200 1 $aZoroaster$eThe Prophet of Ancient Iran$fby A.V. Williams Jackson 210 $aNew York $cAMS Press$d1965 xxii$d312 p., 1 c. di tav. ; 23 cm 215 $aRipr. facs. dell'ed.: Columbia University Press, 1898 606 $aZOROASTRISMO$xZOROASTRO$xVITA E INSEGNAMENTI$3UONC005101$2FI 606 $aZOROASTRISMO$xORIGINI$3UONC005640$2FI 620 $aUS$dNew York$3UONL000050 686 $aIR VII A$cIRAN ANTICO - FILOSOFIA E RELIGIONE - ZOROASTRISMO$2A 700 1$aJACKSON$bAbraham Valentine Williams$3UONV002945$0637438 712 $aAMS Press$3UONV246591$4650 790 1$aWILLIAMS JACKSON, Abraham Valentine$zJACKSON, Abraham Valentine Williams$3UONV013602 801 $aIT$bSOL$c20240220$gRICA 899 $aSIBA - SISTEMA BIBLIOTECARIO DI ATENEO$2UONSI 912 $aUON00018807 950 $aSIBA - SISTEMA BIBLIOTECARIO DI ATENEO$dSI IR VII A 038 $eSI MR 82917 6 038 966 $aZOROASTRO$zZOROASTRISMO - ZOROASTRO - VITA E INSEGNAMENTI$3UONC005644 996 $aZoroaster$91197674 997 $aUNIOR